|
|
|
|
| LEADER |
01535nam a2200289 a 4500 |
| 001 |
3003812 |
| 003 |
BD-DhAAL |
| 008 |
090514s1992 ne a b 101 0 eng d |
| 999 |
|
|
|c 687
|d 687
|
| 010 |
|
|
|a 93154817
|
| 020 |
|
|
|a 9781310901
|
| 040 |
|
|
|a DLC
|c DLC
|d BD-DhAAL
|
| 082 |
0 |
0 |
|a 633.0096
|2 20
|
| 245 |
1 |
0 |
|a Biotechnology :
|b enhancing research on tropical crops in Africa /
|c edited by G. Thottappilly ... [et al.].
|
| 260 |
|
|
|a Wageningen, Netherlands :
|b Technical Centre for Agricultural and Rural Cooperation ;
|a Ibadan, Nigeria :
|b International Institute of Tropical Agriculture,
|c c1992.
|
| 300 |
|
|
|a x, 364 p. :
|b ill. ;
|c 25 cm.
|
| 500 |
|
|
|a Revised papers from a Workshop on "Biotechnology--Enhancing Research on Tropical Crops in Africa" held in Ibadan, Nigeria, Nov. 26-30, 1990.
|
| 504 |
|
|
|a Includes bibliographical references and index.
|
| 541 |
1 |
|
|e 00012465
|
| 650 |
|
0 |
|a Tropical crops
|x Biotechnology
|x Congresses.
|9 31278
|
| 700 |
1 |
|
|a Thottappilly, G.
|9 31279
|
| 710 |
2 |
|
|a Technical Centre for Agricultural and Rural Cooperation (Ede, Netherlands)
|9 31280
|
| 710 |
2 |
|
|a International Institute of Tropical Agriculture.
|9 31281
|
| 711 |
2 |
|
|a Workshop on "Biotechnology: Enhancing Research on Tropical Crops in Africa"
|d (1990 :
|c Ibadan, Nigeria)
|9 31282
|
| 852 |
4 |
|
|a <add library>
|j <shelf mark>
|
| 942 |
|
|
|2 ddc
|c BK
|
| 952 |
|
|
|0 0
|1 0
|2 ddc
|4 0
|6 633_009600000000000_BIO
|7 0
|8 NFIC
|9 635
|a BRACUL
|b BRACUL
|c GEN
|d 2009-05-14
|g 0.00
|l 0
|o 633.0096 BIO
|p 3010012465
|r 2009-05-14
|t 1
|w 2009-05-14
|y BK
|x No price found in the accession register.
|